000 01972nam a22002897a 4500
008 251008b |||||||| |||| 00| 0 eng d
020 _a9780008722746
040 _ctbs
041 _aeng
050 _aPZ7.M2695 WAT 2025
100 _aMafi, Tahereh
_926067
_eauthor
245 _aWatch me
_b: a shatter me novel
_c/ Tahereh Mafi.
260 _aLondon :
_bHarperCollins Publishers,
_c2025.
300 _a351 pages ;
_c22 cm.
490 _aShatter me series.
_vNew republic 1.
520 _aJames Anderson had a plan. Or half of one. All that matters is that he managed to do what his older brother, the famous Aaron Warner Anderson, never did: infiltrate Ark Island, the last refuge of The Reestablishment. In the past decade no outsider has breached the stronghold of the authoritarian regime, but James is in. In a prison cell, sure, but as far as James is concerned, a win is a win. It's been ten years since the fall of The Reestablishment. Ten years since the notorious duo--Juliette Ferrars and Aaron Warner Anderson--led a worldwide rebellion and established the New Republic of the West. But after a decade of unsettling quiet, The Reestablishment is ready to make a devastating move, and they have the perfect person for the job. Rosabelle Wolff had a plan. She always has a plan. On Ark Island, where constant surveillance is packaged as security, even emotions must be experienced with caution. A trained assassin, her every movement is monitored by synthetic intelligence--and when she's given an order to kill, she never hesitates.
650 0 _aGovernment, Resistance to
_vFiction
_925943
650 0 _aRevenge
_vFiction
_911490
650 0 _aAssassins
_vFiction
_926068
650 0 _aAuthoritarianism
_vFiction
_926069
650 0 _aMan-woman relationships
_vFiction
_911134
650 0 _aRevolutions
_vFiction
_926070
650 0 _aDystopias
_vFiction
_924119
655 0 _aScience fiction
_922728
655 0 _aDystopian fiction
_925624
942 _2lcc
999 _c5023
_d5023